Author by Second Book Quiz Stats

 Plays Quiz Updated Apr 13, 2018

Score 0/18 Timer 04:00
2 Plays Today
% Correct
Charles Dickens
95.2%
Dan Brown
91.1%
James Joyce
84.8%
Ray Bradbury
83%
Stephenie Meyer
79.7%
Judy Blume
78.3%
Ernest Hemingway
77.8%
Harper Lee
77.8%
Stephen King
75.8%
% Correct
Salman Rushdie
57.2%
John Steinbeck
52%
Charlotte Brontë
43.1%
Kazuo Ishiguro
40.4%
Herman Melville
36.9%
Gillian Flynn
36.1%
C. S. Lewis
33.1%
Joseph Heller
30.9%
Gustave Flaubert
29.5%

You're not logged in!

Compare scores with friends on all Sporcle quizzes.
OR
Log In

Sporcle TV

Today on Sporcle TV


Watch our educational content, quiz creation guides, and fun videos on Sporcle TV.

Show Comments

Extras

Top Quizzes Today


Score Distribution

Your Account Isn't Verified!

In order to create a playlist on Sporcle, you need to verify the email address you used during registration. Go to your Sporcle Settings to finish the process.

Report this User

Report this user for behavior that violates our Community Guidelines.

Details: